Datum a čas kvízu
28
Celkem bodů
Celkový počet nahraných bodů na tomto kvízu bez doplňovacích otázek.
4.
Pořadí na kvízu
Konečné umístění týmu na tomto kvízu.
Zaznamenané odpovědi
| # | Otázka | Odpověď | Body | Výsledky |
|---|---|---|---|---|
| 1. | Až na jih Moravy se zatoulal p... | D) pelikán | 0 | |
| 2. | 54letá učitelka Gill Punt z br... | A) za ledního medvěda | 0 | |
| 3. | Jeden americký umělec obdržel... | Kendrick Lamar | 0 | |
| 4. | Vláda jednoho jihoevropského s... | o Chorvatsku | 0 | |
| 5. | 61letý trenér druholigového kl... | Pavel Vrba | 1 | |
| 6. | Kterým podstatným jménem se oz... | bakteriofágy/fágy | 1 | |
| 7. | V roce 2016 vyhlásila WHO glob... | zika | 1 | |
| 8. | Přiřaďte viry k onemocněním, k... | 1D 2A 3B 4C | 1 | |
| 9. | Viry mají svou genetickou info... | U (uracil) | 1 | |
| 10. | Pandemie smrtících virů jsou v... | May | 0 |